Acquisition of english by Malayalee children: a psycholinguistic study in syntactic structures (Record no. 10321)

MARC details
000 -LEADER
fixed length control field 00575nam a2200181Ia 4500
082 ## - DEWEY DECIMAL CLASSIFICATION NUMBER
Classification number TS.0018
100 ## - MAIN ENTRY--AUTHOR NAME
Personal name Syamala, V.
245 #0 - TITLE STATEMENT
Title Acquisition of english by Malayalee children: a psycholinguistic study in syntactic structures
260 ## - PUBLICATION, DISTRIBUTION, ETC. (IMPRINT)
Year of publication 1983
Name of publisher University of Kerala
300 ## - PHYSICAL DESCRIPTION
Number of Pages 393p. + C D - 50
650 ## - SUBJECT ADDED ENTRY--TOPICAL TERM
Topical Term LANGUAGES - PSYCHOLOGY
650 ## - SUBJECT ADDED ENTRY--TOPICAL TERM
Topical Term CHILDREN - LANGUAGE
650 ## - SUBJECT ADDED ENTRY--TOPICAL TERM
Topical Term CHILDREN, MALAYALEE
650 ## - SUBJECT ADDED ENTRY--TOPICAL TERM
Topical Term ENGLISH LANGUAGE - STUDY AND TEACHING
650 ## - SUBJECT ADDED ENTRY--TOPICAL TERM
Topical Term PSYCHOLINGUISTICS//LANGUAGES - PSYCHOLOGY
710 ## - ADDED ENTRY--CORPORATE NAME
Corporate name or jurisdiction name as entry element Subramoniam, V.I.
942 ## - ADDED ENTRY ELEMENTS (KOHA)
Koha item type Thesis
Source of classification or shelving scheme Dewey Decimal Classification
Holdings
Withdrawn status Lost status Damaged status Not for loan Home library Current library Date acquired Bill Date Full call number Accession Number Price effective from Koha item type
        NASSDOC Library NASSDOC Library 08/10/2004 2004-10-22 TS.0018 26899 18/04/2019 Thesis